| 000 | 00754nam a22001577a 4500 | ||
|---|---|---|---|
| 008 | 110719t xxu||||| |||| 00| 0 ara d | ||
| 082 |
_222 _bط و س _a378.62 |
||
| 100 | 1 |
_926333 _aطوسون، عمر |
|
| 245 |
_aالبعثات العلمية : _bفى عهد محمد على ثم في عهدى عباس الأول وسعيد / _cعمر صوسون . |
||
| 260 |
_aالأسكندرية : _bمطبعة صلاح الدين ، _c1934. |
||
| 300 |
_a35 ص : _c24 سم. |
||
| 650 |
_921526 _aالتعليم العالي _zمصر |
||
| 650 |
_917498 _aالمنح الدراسية |
||
| 942 |
_2ddc _cBB |
||
| 999 |
_c15700 _d15700 |
||